000 00427nam a2200181Ia 4500
008 170203s9999 xx 000 0 und d
020 _a1903285151
050 _aFic
050 _b.C879w 2002
100 _aCoxon, Michele
245 _aWho will Play with Me? /
245 _cMichele Coxon.
260 _aHongkong :
260 _bHappy Cat Books Ltd.
260 _c2002
300 _a32 pages ;
300 _bcol .ill.
999 _c306025
_d306025